[Event "Medellin Flores op 30th"]
[Site "Medellin"]
[Date "2023.08.07"]
[Round "8"]
[White "Betancourt Giraldo, David Rogelio"]
[Black "Baules Rodriguez, Jorge Luis"]
[Result "0-1"]
[WhiteElo "2042"]
[BlackElo "2290"]
[PlyCount "70"]
[EventDate "2023.08.03"]
[EventType "swiss"]
[EventRounds "9"]
[EventCountry "COL"]
[SourceTitle "CBM 215 Extra"]
[Source "ChessBase"]
[SourceDate "2023.09.30"]
[SourceVersion "1"]
[SourceVersionDate "2023.09.30"]
[SourceQuality "1"]

1. e4 c5 2. Nf3 d6 3. Bb5+ Nd7 4. 0-0 a6 5. Bd3 b5 6. c3 Ngf6 7. Re1 Bb7 8. Bc2 c4 9. b4 e5 10. a4 Be7 11. d3 cxd3 12. Bxd3 Bc6 13. a5 0-0 14. g3 Qc7 15. Nh4 g6 16. Nd2 d5 17. Bb2 Nxe4 18. Nxe4 Bxh4 19. gxh4 dxe4 20. Bxe4 Bxe4 21. Rxe4 Nf6 22. Re3 Qc4 23. Qf3 Qxh4 24. Rxe5 Ng4 25. Re4 Qxh2+ 26. Kf1 Ne5 27. Rxe5 Qxe5 28. Re1 Qh5 29. Qxh5 gxh5 30. Re5 Rfd8 31. c4 bxc4 32. Rg5+ Kf8 33. Rxh5 Rac8 34. Bc3 Rd3 35. Rxh7 Ke8 0-1

[Event "Medellin Flores op 30th"]
[Site "Medellin"]
[Date "2023.08.07"]
[Round "9"]
[White "Esmeraldas Huachi, Anderson Yahir"]
[Black "Betancourt Giraldo, David Rogelio"]
[Result "1/2-1/2"]
[WhiteElo "2141"]
[BlackElo "2042"]
[PlyCount "158"]
[EventDate "2023.08.03"]
[EventType "swiss"]
[EventRounds "9"]
[EventCountry "COL"]
[SourceTitle "CBM 215 Extra"]
[Source "ChessBase"]
[SourceDate "2023.09.30"]
[SourceVersion "1"]
[SourceVersionDate "2023.09.30"]
[SourceQuality "1"]

1. d4 Nf6 2. c4 d6 3. Nf3 Nbd7 4. g3 e5 5. Bg2 Be7 6. 0-0 c6 7. Nc3 0-0 8. e3 Re8 9. b4 a5 10. b5 Bf8 11. Ba3 Qc7 12. Rc1 Qb8 13. Rb1 Qc7 14. Na4 e4 15. Nd2 cxb5 16. Rxb5 b6 17. Qb1 Ba6 18. Nxb6 Nxb6 19. Rxb6 Bxc4 20. Rb7 Qc6 21. Rc1 d5 22. Nxc4 dxc4 23. Bxf8 Kxf8 24. Qb5 Rec8 25. Bh3 Rc7 26. Qxc6 Rxc6 27. Rb5 c3 28. Rc5 Rxc5 29. dxc5 Nd5 30. Bf5 Re8 31. a3 Re5 32. Bh3 Ke7 33. Bf1 Kd7 34. Bb5+ Kc7 35. Kf1 Rh5 36. h4 g5 37. Be2 Rh6 38. Bc4 Kc6 39. Bxd5+ Kxd5 40. Rxc3 gxh4 41. gxh4 Rc6 42. Kg2 Rxc5 43. Rb3 Kc4 44. Rb7 Rf5 45. a4 h5 46. Kf1 f6 47. Rb6 Kd3 48. Rd6+ Kc3 49. Rd4 Re5 50. Kg2 Re7 51. Kg3 Rg7+ 52. Kf4 Rg4+ 53. Kf5 Rxh4 54. f4 Rh3 55. Kxe4 f5+ 56. Kxf5 Rxe3 57. Re4 Kd3 58. Re5 h4 59. Rd5+ Ke2 60. Kg4 h3 61. Rh5 Ra3 62. Rxh3 Rxa4 63. Kg5 Ra1 64. f5 Rg1+ 65. Kf4 Rg8 66. f6 Kd2 67. Ke5 Kc2 68. Ke6 Kb2 69. f7 Rf8 70. Ke7 Rxf7+ 71. Kxf7 a4 72. Rh2+ Kb3 73. Ke6 a3 74. Rh3+ Kb2 75. Kd5 a2 76. Rh2+ Kb3 77. Rh1 Kb2 78. Kc4 a1Q 79. Rxa1 Kxa1 1/2-1/2

[Event "Medellin Flores op 30th"]
[Site "Medellin"]
[Date "2023.08.05"]
[Round "4"]
[White "Betancourt Giraldo, David Rogelio"]
[Black "Diaz Larrea, Juan Manuel"]
[Result "1-0"]
[WhiteElo "2042"]
[BlackElo "1862"]
[PlyCount "71"]
[EventDate "2023.08.03"]
[EventType "swiss"]
[EventRounds "9"]
[EventCountry "COL"]
[SourceTitle "CBM 215 Extra"]
[Source "ChessBase"]
[SourceDate "2023.09.30"]
[SourceVersion "1"]
[SourceVersionDate "2023.09.30"]
[SourceQuality "1"]

1. e4 e5 2. Nf3 Nc6 3. Bc4 Nf6 4. d4 exd4 5. e5 d5 6. Bb5 Ne4 7. Nxd4 Bc5 8. 0-0 0-0 9. Bxc6 bxc6 10. f3 f6 11. exf6 Qxf6 12. Be3 Ba6 13. Re1 Rae8 14. c3 Nd6 15. b4 Nc4 16. Bf2 Nb2 17. Qd2 Rxe1+ 18. Qxe1 Nd3 19. Qd2 Bd6 20. Na3 Nxf2 21. Qxf2 c5 22. bxc5 Bxc5 23. Nac2 Bb6 24. Qe1 Qg6 25. Kh1 Re8 26. Qd2 c5 27. Nb3 Bd3 28. Ne1 c4 29. Nd4 Bxd4 30. cxd4 Re2 31. Qa5 Qe6 32. Qd8+ Kf7 33. Qc7+ Qe7 34. Qf4+ Kg6 35. Qg3+ Kf6 36. f4 1-0

[Event "Sabaneta op-A 1st"]
[Site "Sabaneta"]
[Date "2022.11.30"]
[Round "9"]
[White "Betancourt Giraldo, David Rogelio"]
[Black "Del Rey, Diego"]
[Result "0-1"]
[WhiteElo "2035"]
[BlackElo "2341"]
[PlyCount "168"]
[EventDate "2022.11.25"]
[EventType "swiss"]
[EventRounds "10"]
[EventCountry "COL"]
[SourceTitle "CBM 211 Extra"]
[Source "ChessBase"]
[SourceDate "2023.01.31"]
[SourceVersion "1"]
[SourceVersionDate "2023.01.31"]
[SourceQuality "1"]

1. Nf3 d5 2. b3 Bg4 3. Ne5 Bf5 4. Bb2 f6 5. Nf3 e5 6. d3 Nc6 7. Nbd2 Qd7 8. e4 Be6 9. Be2 d4 10. 0-0 Nge7 11. a3 Ng6 12. Re1 Nf4 13. Bf1 g5 14. b4 g4 15. Nh4 0-0-0 16. Nb3 Ng6 17. Nf5 Bxf5 18. exf5 Qxf5 19. g3 Nce7 20. Bg2 Nd5 21. Qe2 Qd7 22. Rac1 Kb8 23. c4 dxc3 24. Bxc3 b6 25. Bb2 Bh6 26. Rc4 f5 27. Qc2 Rhe8 28. Bc1 Bg7 29. Bg5 Rc8 30. Rc1 Nge7 31. a4 c6 32. Bxe7 Rxe7 33. b5 c5 34. a5 Nb4 35. Rxb4 cxb4 36. Bc6 Qd6 37. axb6 axb6 38. Ra1 Rxc6 39. bxc6 Rc7 40. Qc4 Bf8 41. Rc1 Ra7 42. Qb5 Kc7 43. d4 Bg7 44. Qc4 Qe7 45. dxe5 Bxe5 46. Rd1 Qe8 47. Rd7+ Kb8 48. Qe2 Qh8 49. Qd3 Rxd7 50. Qxd7 Qc8 51. Qd5 Qe8 52. Nd2 Bc3 53. Qd6+ Kc8 54. Nf1 b3 55. c7 Ba5 56. Qd4 Qd7 57. Qe5 Qxc7 58. Qe6+ Qd7 59. Qxb3 Kb7 60. Ne3 Ka6 61. Qc2 b5 62. Nxf5 Bb6 63. Qe4 b4 64. Qc4+ Ka5 65. Qa2+ Kb5 66. Qe2+ Kc6 67. Qxg4 Bc5 68. Qe4+ Kb6 69. Ne3 Qd4 70. Qxh7 Qa1+ 71. Kg2 Bxe3 72. Qg6+ Ka5 73. Qf5+ Ka4 74. Qd7+ Ka3 75. fxe3 Qc3 76. Qa7+ Kb2 77. h4 b3 78. h5 Kc2 79. Qa4 Kd2 80. Qd7+ Kc1 81. Qf7 b2 82. Qf1+ Kc2 83. Qf5+ Qd3 84. Qc5+ Kd1 0-1

[Event "Medellin Raza op"]
[Site "Medellin"]
[Date "2021.10.09"]
[Round "7"]
[White "Betancourt Giraldo, David Rogelio"]
[Black "Cordoba Roa, Angel Gabriel"]
[Result "1/2-1/2"]
[WhiteElo "2166"]
[BlackElo "2009"]
[PlyCount "55"]
[EventDate "2021.10.06"]
[EventType "swiss"]
[EventRounds "9"]
[EventCountry "COL"]
[SourceTitle "EXT 2023"]
[Source "ChessBase"]
[SourceDate "2022.10.05"]
[SourceVersion "1"]
[SourceVersionDate "2022.10.05"]
[SourceQuality "1"]

1. e4 e5 2. Nf3 Nc6 3. Bb5 a6 4. Ba4 Nf6 5. Qe2 Qe7 6. c3 g6 7. d3 Bg7 8. 0-0 0-0 9. Bc2 d6 10. h3 Bd7 11. Re1 b5 12. d4 Na5 13. dxe5 dxe5 14. b3 c5 15. Nbd2 Nh5 16. Nf1 Nc6 17. Ne3 Nf4 18. Qd1 Be6 19. Nd5 Nxd5 20. exd5 Rad8 21. c4 Nb4 22. Bg5 f6 23. Bd2 Nxc2 24. Qxc2 Bf5 25. Qb2 Qc7 26. Be3 e4 27. Nh2 Bc8 28. Qd2 1/2-1/2

[Event "Medellin Raza op"]
[Site "Medellin"]
[Date "2021.10.08"]
[Round "5"]
[White "Betancourt Giraldo, David Rogelio"]
[Black "Moncada Correa, Sara"]
[Result "1-0"]
[WhiteElo "2166"]
[BlackElo "1922"]
[PlyCount "63"]
[EventDate "2021.10.06"]
[EventType "swiss"]
[EventRounds "9"]
[EventCountry "COL"]
[SourceTitle "EXT 2023"]
[Source "ChessBase"]
[SourceDate "2022.10.05"]
[SourceVersion "1"]
[SourceVersionDate "2022.10.05"]
[SourceQuality "1"]

1. e4 c6 2. d4 d5 3. e5 c5 4. c3 Nc6 5. Be3 cxd4 6. cxd4 Bf5 7. a3 e6 8. Nc3 f6 9. f4 Nh6 10. h3 Be7 11. Nf3 0-0 12. Bf2 fxe5 13. fxe5 Be4 14. Be2 Nf5 15. 0-0 Bxf3 16. Bxf3 Bh4 17. Ne2 Bxf2+ 18. Rxf2 Qh4 19. Bg4 Nfxd4 20. Rxf8+ Rxf8 21. Nxd4 Qf2+ 22. Kh1 Nxd4 23. Qd3 Nc2 24. Bxe6+ Kh8 25. Rg1 Nd4 26. Bg4 h5 27. Bxh5 Nf5 28. Bf3 d4 29. e6 Nh4 30. e7 Re8 31. Qb5 Rg8 32. Qh5# 1-0

[Event "Medellin Raza op"]
[Site "Medellin"]
[Date "2021.10.07"]
[Round "3"]
[White "Arias, Juan Carlos2222"]
[Black "Betancourt Giraldo, David Rogelio"]
[Result "0-1"]
[WhiteElo "1951"]
[BlackElo "2166"]
[PlyCount "31"]
[EventDate "2021.10.06"]
[EventType "swiss"]
[EventRounds "9"]
[EventCountry "COL"]
[SourceTitle "EXT 2023"]
[Source "ChessBase"]
[SourceDate "2022.10.05"]
[SourceVersion "1"]
[SourceVersionDate "2022.10.05"]
[SourceQuality "1"]

1. d4 g6 2. e4 Bg7 3. Nc3 c6 4. Bc4 d6 5. Nf3 Nf6 6. Bg5 b5 7. Bd3 0-0 8. Qd2 Re8 9. Bh6 Bh8 10. h4 Bg4 11. Nh2 Be6 12. f3 b4 13. Ne2 c5 14. Nf4 Bc8 15. d5 Bd7 16. Bc4 0-1

[Event "Medellin Raza op 9th"]
[Site "Medellin"]
[Date "2019.10.11"]
[Round "2"]
[White "Betancourt Giraldo, David Rogelio"]
[Black "Arenas Vanegas, David"]
[Result "0-1"]
[WhiteElo "2174"]
[BlackElo "2463"]
[PlyCount "104"]
[EventDate "2019.10.11"]
[EventType "swiss"]
[EventRounds "8"]
[EventCountry "COL"]
[SourceTitle "CBM 192 Extra"]
[Source "Chessbase"]
[SourceDate "2019.11.06"]
[SourceVersion "1"]
[SourceVersionDate "2019.11.06"]
[SourceQuality "1"]

1. d4 d5 2. Bf4 Nf6 3. h3 c5 4. e3 Qb6 5. b3 Nc6 6. Nf3 Bf5 7. c3 e6 8. Bd3 Bxd3 9. Qxd3 Be7 10. Nbd2 0-0 11. 0-0 Rac8 12. a3 h6 13. b4 cxd4 14. cxd4 a5 15. bxa5 Nxa5 16. Rfb1 Qa7 17. Qb5 Rc3 18. a4 Rfc8 19. g4 Rc2 20. Rb2 Rxb2 21. Qxb2 Qa6 22. Rc1 Rxc1+ 23. Qxc1 Nc4 24. Qc2 Nxd2 25. Nxd2 Qe2 26. Qc3 Bb4 27. Qxb4 Qe1+ 28. Kg2 Ne4 29. Bg3 Nxd2 30. Qb5 Kh7 31. Qd3+ Ne4 32. Qc2 Kg6 33. Bh4 h5 34. f3 Qxh4 35. fxe4 hxg4 36. exd5+ Kh6 37. d6 Qxh3+ 38. Kg1 Qg3+ 39. Qg2 Qxd6 40. Qxg4 Qd5 41. Kf2 g6 42. Qf4+ Kg7 43. Qc7 Qe4 44. a5 g5 45. Qg3 Qc2+ 46. Kf3 Qf5+ 47. Kg2 Qxa5 48. e4 Qd2+ 49. Kh3 Qf4 50. Qxf4 gxf4 51. Kg4 Kf6 52. Kxf4 e5+ 0-1

[Event "COL-chB U2200"]
[Site "Antioquia"]
[Date "2018.12.08"]
[Round "5"]
[White "Quiros, Juan Pablo"]
[Black "Betancourt Giraldo, David Rogelio"]
[Result "0-1"]
[WhiteElo "2103"]
[BlackElo "2134"]
[PlyCount "60"]
[EventDate "2018.12.06"]
[EventType "swiss"]
[EventRounds "7"]
[EventCountry "COL"]
[SourceTitle "CBM 190 Extra"]
[Source "ChessBase"]
[SourceDate "2019.07.15"]
[SourceVersion "1"]
[SourceVersionDate "2019.07.15"]
[SourceQuality "1"]

1. d4 Nf6 2. Nf3 c5 3. g3 cxd4 4. Nxd4 d5 5. Bg2 e5 6. Nb3 h6 7. 0-0 Nc6 8. Nc3 Be6 9. Na4 b6 10. c4 Rc8 11. cxd5 Nxd5 12. Nc3 Nxc3 13. Qxd8+ Nxd8 14. bxc3 Be7 15. Bb2 0-0 16. e4 Nb7 17. Rfd1 Nc5 18. Nxc5 Bxc5 19. Kf1 f5 20. exf5 Rxf5 21. f3 Rcf8 22. Ke1 Rxf3 23. Bxf3 Rxf3 24. a4 Bc4 25. Rd8+ Kh7 26. Kd2 Rf2+ 27. Kc1 e4 28. Ba3 Be3+ 29. Kb1 Bd3+ 30. Rxd3 exd3 0-1

[Event "Medellin Flores op 25th"]
[Site "Medellin"]
[Date "2018.08.06"]
[Round "7"]
[White "Betancourt Giraldo, David Rogelio"]
[Black "Vargas Arteaga, Alexis"]
[Result "0-1"]
[WhiteElo "2164"]
[BlackElo "2240"]
[PlyCount "52"]
[EventDate "2018.08.03"]
[EventType "swiss"]
[EventRounds "9"]
[EventCountry "COL"]
[SourceTitle "CBM 185 Extra"]
[Source "ChessBase"]
[SourceDate "2018.07.29"]
[SourceVersion "1"]
[SourceVersionDate "2018.07.29"]
[SourceQuality "1"]

1. d4 Nf6 2. c4 e6 3. Nf3 b6 4. Nc3 Bb4 5. Bd2 Bb7 6. e3 0-0 7. Bd3 Bxc3 8. Bxc3 Ne4 9. Qc2 f5 10. 0-0-0 d6 11. h4 Qe7 12. Ne1 Nd7 13. f3 Nxc3 14. Qxc3 e5 15. Kb1 e4 16. Bc2 c6 17. g3 Nf6 18. Rf1 Rae8 19. f4 Kh8 20. Rd2 Rc8 21. Rg1 b5 22. Bd1 bxc4 23. Qxc4 c5 24. dxc5 Rxc5 25. Qd4 Rd5 26. Qb4 a5 0-1

[Event "Medellin Flores op 25th"]
[Site "Medellin"]
[Date "2018.08.05"]
[Round "5"]
[White "Betancourt Giraldo, David Rogelio"]
[Black "Cardona, Jeyson"]
[Result "1-0"]
[WhiteElo "2164"]
[BlackElo "2053"]
[PlyCount "51"]
[EventDate "2018.08.03"]
[EventType "swiss"]
[EventRounds "9"]
[EventCountry "COL"]
[SourceTitle "CBM 185 Extra"]
[Source "ChessBase"]
[SourceDate "2018.07.29"]
[SourceVersion "1"]
[SourceVersionDate "2018.07.29"]
[SourceQuality "1"]

1. e4 e5 2. Nf3 Qe7 3. Nc3 c6 4. a4 d6 5. h3 Qc7 6. Bc4 Be7 7. d4 Nf6 8. 0-0 h6 9. b3 0-0 10. Ba3 Re8 11. Nh4 exd4 12. Qxd4 Nfd7 13. Bxf7+ Kxf7 14. Qc4+ d5 15. Nxd5 Ne5 16. Nxc7+ Nxc4 17. Nxe8 Nxa3 18. Nc7 Nxc2 19. Rac1 Nd4 20. Nf3 Ne2+ 21. Kh1 Nxc1 22. Rxc1 Nd7 23. Nxa8 Bb4 24. Rd1 Ke7 25. Ne5 Bd6 26. f4 1-0

[Event "Medellin Flores op 24th"]
[Site "Medellin"]
[Date "2017.08.06"]
[Round "6"]
[White "Betancourt Giraldo, David Rogelio"]
[Black "Garcia Pantoja, Roberto"]
[Result "0-1"]
[WhiteElo "2220"]
[BlackElo "2491"]
[PlyCount "96"]
[EventDate "2017.08.03"]
[EventType "swiss"]
[EventRounds "9"]
[EventCountry "COL"]
[SourceTitle "CBM 179 Extra"]
[Source "ChessBase"]
[SourceDate "2017.08.23"]
[SourceVersion "1"]
[SourceVersionDate "2017.08.23"]
[SourceQuality "1"]

1. d4 Nf6 2. c4 g6 3. Nc3 Bg7 4. e4 0-0 5. Nf3 d6 6. Be2 e5 7. 0-0 exd4 8. Nxd4 Re8 9. f3 Nc6 10. Nc2 Nh5 11. g4 Nf6 12. Bg5 h6 13. Be3 Be6 14. Qd2 h5 15. h3 Nh7 16. Kg2 a5 17. b3 f5 18. Rae1 hxg4 19. hxg4 Rf8 20. Nd4 Nxd4 21. Bxd4 f4 22. Rh1 Ng5 23. Rd1 Bxd4 24. Qxd4 Qf6 25. Qxf6 Rxf6 26. e5 dxe5 27. Bd3 Kg7 28. Be4 c6 29. Bc2 Rff8 30. Rhe1 Kf6 31. Ne4+ Nxe4 32. Rxe4 Rfd8 33. g5+ Kxg5 34. Rxe5+ Kf6 35. Ree1 Rxd1 36. Rxd1 a4 37. Rd4 axb3 38. Bxb3 g5 39. c5 Bxb3 40. axb3 Ra2+ 41. Kf1 Ra5 42. b4 Ra1+ 43. Ke2 Rb1 44. Rc4 Kf5 45. Rd4 Rb3 46. Kf2 Rb2+ 47. Kf1 g4 48. fxg4+ Kxg4 0-1

[Event "Medellin Flores op 19th"]
[Site "Medellin"]
[Date "2013.08.06"]
[Round "7"]
[White "Hevia Alejano, Carlos Antonio"]
[Black "Betancourt Giraldo, David Rogelio"]
[Result "1-0"]
[WhiteElo "2508"]
[BlackElo "2216"]
[PlyCount "45"]
[EventDate "2013.08.03"]
[EventType "swiss"]
[EventRounds "9"]
[EventCountry "COL"]
[SourceTitle "CBM 155 Extra"]
[Source "ChessBase"]
[SourceDate "2013.08.26"]
[SourceVersion "1"]
[SourceVersionDate "2013.08.26"]
[SourceQuality "1"]

1. e4 c5 2. Nf3 Nc6 3. d4 cxd4 4. Nxd4 e5 5. Nb5 a6 6. Nd6+ Bxd6 7. Qxd6 Qf6 8. Qd2 Qg6 9. Nc3 Nge7 10. f3 0-0 11. Bc4 b5 12. Bb3 Kh8 13. Nd5 a5 14. a3 a4 15. Ba2 Nxd5 16. Bxd5 Ra6 17. 0-0 Ne7 18. Ba2 Ra8 19. Qd3 Nc6 20. Be3 b4 21. axb4 Nxb4 22. Qa3 Qd6 23. c3 1-0

[Event "Medellin op"]
[Site "Medellin"]
[Date "2011.04.??"]
[Round "5"]
[White "Vallejo, Humberto"]
[Black "Betancourt Giraldo, David Rogelio"]
[Result "1-0"]
[WhiteElo "2051"]
[BlackElo "2222"]
[PlyCount "37"]
[EventDate "2011.04.??"]
[EventType "swiss"]
[EventRounds "9"]
[EventCountry "COL"]
[SourceTitle "CBM 142 Extra"]
[Source "ChessBase"]
[SourceDate "2011.06.27"]
[SourceVersion "1"]
[SourceVersionDate "2011.06.27"]
[SourceQuality "1"]

1. e4 c5 2. Nf3 Nc6 3. Bc4 e6 4. 0-0 a6 5. Re1 b5 6. Bf1 Qc7 7. a4 Rb8 8. axb5 axb5 9. Nc3 Na7 10. d4 b4 11. Nd5 exd5 12. exd5+ Be7 13. dxc5 Qxc5 14. Be3 Qd6 15. Bxa7 Ra8 16. Qd4 Nf6 17. Rxe7+ Qxe7 18. Re1 Qxe1 19. Nxe1 1-0

[Event "COL-ch"]
[Site "San Andres Islas"]
[Date "2008.12.05"]
[Round "9"]
[White "Sanchez, Sebastian"]
[Black "Betancourt Giraldo, David Rogelio"]
[Result "0-1"]
[WhiteElo "2178"]
[BlackElo "2224"]
[PlyCount "96"]
[EventDate "2008.12.01"]
[EventType "swiss"]
[EventRounds "9"]
[EventCountry "COL"]
[SourceTitle "CBM 127 Extra"]
[Source "ChessBase"]
[SourceDate "2009.01.08"]
[SourceVersion "2"]
[SourceVersionDate "2009.01.28"]
[SourceQuality "1"]

1. e4 g6 2. d4 Bg7 3. c3 d6 4. Be3 Nf6 5. f3 c6 6. Nd2 Nbd7 7. Ne2 0-0 8. g4 e5 9. Ng3 d5 10. Be2 dxe4 11. fxe4 exd4 12. cxd4 Re8 13. Qb3 Nb6 14. 0-0 Be6 15. Qd1 Qd7 16. h3 h5 17. Nf3 hxg4 18. Ne5 Qc7 19. Bf4 Qc8 20. Rc1 gxh3 21. Kh2 Nbd7 22. Nc4 Bxc4 23. Bxc4 Nb6 24. Bb3 Qd7 25. Be5 Ng4+ 26. Qxg4 Qxg4 27. Rxf7 Rxe5 28. Rf4+ Qe6 29. dxe5 Nd5 30. exd5 cxd5 31. Rd1 Rd8 32. Rfd4 Kh7 33. Rxd5 Rxd5 34. Bxd5 Qxe5 35. Kxh3 Qe3 36. Kg2 Be5 37. Ne4 Qe2+ 38. Nf2 Qxb2 39. Kf3 Qc2 40. Rd3 b5 41. Bb3 Qc8 42. Ke2 a5 43. Bd5 b4 44. Be4 a4 45. Kf3 b3 46. axb3 a3 47. Rd2 Qc3+ 48. Rd3 a2 0-1